000
00299nam a2200109Ia 4500
008
220120s9999||||xx |||||||||||||| ||und||
100
_a
Roth, Charles, H
245
0
_a
Digital systems design using VHDL
260
_a
Thomsan brooks cole
_b
Pune
_c
2005
300
_b
495
650
_a
OPTICAL COMMUNICATION
999
_c
132137
_d
132137